Código disciplinario único Ley 734 de 2002. Concordado, comentado, jurisprudencia y práctica (Registro nro. 55360)

Detalles MARC
000 -ENCABEZADO
Número de control [NR] 01122nam a2200289Ia 4500
008 - DE LONGITUD FIJA DE DATOS DE ELEMENTOS - INFORMACIÓN GENERAL
Elementos de longitud fija [NR] 130821s2004 ck gr spa
020 ## - NUMERO INTERNACIONAL NORMALIZADO PARA LIBROS [R]
Número Internacional Normalizado del libro [NR] 9587070402
040 ## - FUENTE DE CATALOGACION [NR]
Agencia de catalogación original [NR] Co-BoUCM
Idioma de catalogación [NR] spa
041 00 - CODIGO DE IDIOMA [R]
Código de idioma para texto/pista de sonido o título separado [R] Español
100 ## - ASIENTO PRINCIPAL--NOMBRE PERSONAL [NR]
Nombre personal [NR] Navas de Rico, Jeannethe
245 10 - MENCION DE TITULO [NR]
Título [NR] Código disciplinario único Ley 734 de 2002. Concordado, comentado, jurisprudencia y práctica
Mención de responsabilidad, etc. [NR] Jeannethe Navas de Rico
250 ## - MENCION DE EDICION [NR]
Mención de edición [NR] 2a. Ed.
260 ## - PUBLICACION, DISTRIBUCION, ETC. (PIE DE IMPRENTA) [R]
Lugar de publicación, distribución, etc. [R] Bogotá (Colombia)
Nombre del editor, distribuidor, etc. [R] Librería Ediciones del Profesional
Fecha de publicación, distribución, etc. [R] 2004
300 ## - DESCRIPCION FISICA [R]
Extensión [R] 536 páginas
504 ## - NOTA DE BIBLIOGRAFIA, ETC. [R]
Nota de bibliografía, etc. [NR]
630 ## - ASIENTO SECUNDARIO DE MATERIA - TITULO UNIFORME [R]
Título uniforme [NR] Ley 734 de 2002
9 (RLIN) 6889
650 04 - ASIENTO SECUNDARIO DE MATERIA - TERMINO TEMATICO [R]
Término temático o nombre geográfico como elemento de entrada [NR] Actos administrativos
Subdivisión geográfica [R] Colombia
9 (RLIN) 8462
650 04 - ASIENTO SECUNDARIO DE MATERIA - TERMINO TEMATICO [R]
Término temático o nombre geográfico como elemento de entrada [NR] Administración pública
9 (RLIN) 355
650 04 - ASIENTO SECUNDARIO DE MATERIA - TERMINO TEMATICO [R]
Término temático o nombre geográfico como elemento de entrada [NR] Derecho administrativo
9 (RLIN) 12695
650 04 - ASIENTO SECUNDARIO DE MATERIA - TERMINO TEMATICO [R]
Término temático o nombre geográfico como elemento de entrada [NR] Derecho administrativo
Subdivisión general [R] Legislación
Subdivisión geográfica [R] Colombia
9 (RLIN) 12695
650 04 - ASIENTO SECUNDARIO DE MATERIA - TERMINO TEMATICO [R]
Término temático o nombre geográfico como elemento de entrada [NR] Funcionarios públicos
Subdivisión geográfica [R] Colombia
9 (RLIN) 7643
650 04 - ASIENTO SECUNDARIO DE MATERIA - TERMINO TEMATICO [R]
Término temático o nombre geográfico como elemento de entrada [NR] Proceso disciplinario
Subdivisión geográfica [R] Colombia
9 (RLIN) 22381
650 04 - ASIENTO SECUNDARIO DE MATERIA - TERMINO TEMATICO [R]
Término temático o nombre geográfico como elemento de entrada [NR] Sanciones administrativas
Subdivisión geográfica [R] Colombia
9 (RLIN) 23991
651 #7 - ASIENTO SECUNDARIO DE MATERIA - NOMBRE GEOGRAFICO [R]
Nombre geográfico [NR] Colombia
Subdivisión general [R] Administración pública
-- Legislación
9 (RLIN) 26606
942 ## - ELEMENTOS DE ENTRADA AGREGADOS (KOHA)
Tipo de ítem principal el descrito en 300a Libro
Tema principal Derecho
Edición 2
Parte restante de la signatura top. C718c
Sistema de clasificación DEWEY
Clasificación 342.068
Existencias
Fecha de último préstamo Total préstamos Total Renewals Signatura topográfica Código de barras Última vez visto Volúmen / Fascículo Ejemplar Price effective from Tipo de ítem Perdido Sistema de clasificación Dañado No prestable Tipo de ítem específico Suprimido Ubicación habitual Ubicación actual Localización Fecha de creación Forma de adquisición Costo
17/10/2019 45 4 342.068 C718c 100090666 12/06/2026 2a. Ed. Ej.4 03/02/2013 Libro   DEWEY     Libro   Claustro Claustro 3er piso 30/09/2008 Compra 80000.00
24/07/2019 33 4 342.068 C718c 100090663 12/06/2026 2a. Ed. Ej.1 03/02/2013 Libro   DEWEY     Libro   Claustro Claustro 3er piso 30/09/2008 Compra 80000.00
23/11/2016 47   342.068 C718c 100090665 12/06/2026 2a. Ed. Ej.3 03/02/2013 Libro   DEWEY     Libro   Claustro Claustro 3er piso 30/09/2008 Compra 80000.00